zpět

Detail výsledku týmu

Restaurace Mádl, Velké Bílovice

Datum a čas kvízu

31.5 Celkem bodů Celkový počet nahraných bodů na tomto kvízu bez doplňovacích otázek.
1. Pořadí na kvízu Konečné umístění týmu na tomto kvízu.

Zaznamenané odpovědi

# Otázka Odpověď Body Výsledky
1. Už Vám někdy hořela koudel u z... Šumperk 0
2. Fastfoodový řetězec Burger Kin... je bez pravého masa 0
3. Minulé pondělí mohli fanoušci... D 1
4. Švédský nábytkářský řetězec IK... začne nabízet pronájem nábytku 1
5. Apríl, nebo nechtěný omyl? Fot... Místo Slavie zval na souboj se Spartou. 0
6. V tomto tématu ověříme vaše zn... Zvěř nehájenou lze lovit po celý rok, zvěř hájená má omezenou dobu lovu. 1
7. Vyberte jedno psí plemeno, kte... A 0
8. Která zvířata je možno spatřit... bílí jeleni 1
9. Kolikaterák je tento jelen? desaterák (nerovný) 1
10. Co v myslivecké mluvě znamená... kančí kly 1